000 00458nam a2200157 4500
001 135943
003 ES-MaACL
005 20230906195008.0
007 t|
008 070214s1960 sp r ||||1| spa d
100 1 _aRuiz García, Enrique.
_9100814
245 1 0 _aSuspense atómico
_b: crónica general de nuestro tiempo /
_cEnrique Ruiz García.
260 _aMadrid :
_bCid,
_c1960.
300 _a373 p. ;
_c24 cm.
852 _aES-MaACL
_jC-19681
_bR.47763
999 _c135943
_d135943